[Event "Kaiserbrunnen Winter op"]
[Site "Brakel"]
[Date "2013.01.21"]
[Round "2"]
[White "Wastian, Jan"]
[Black "Berendes, Juergen"]
[Result "1-0"]
[WhiteElo "1616"]
[BlackElo "1397"]
[PlyCount "61"]
[EventDate "2013.01.21"]
[EventType "swiss"]
[EventRounds "5"]
[EventCountry "GER"]
[SourceTitle "EXT 2023"]
[Source "ChessBase"]
[SourceDate "2022.10.05"]
[SourceVersion "1"]
[SourceVersionDate "2022.10.05"]
[SourceQuality "1"]

1. e4 e5 2. Nf3 Nc6 3. Bb5 d6 4. d4 Bd7 5. 0-0 exd4 6. Nxd4 Ne5 7. Bxd7+ Qxd7 8. f4 Nc6 9. Re1 0-0-0 10. Nc3 Nge7 11. Be3 g6 12. Nxc6 Nxc6 13. Bd4 Rg8 14. Nd5 Be7 15. Nxe7+ Qxe7 16. Bc3 f5 17. exf5 Qd7 18. f6 Qf5 19. Qe2 Qc5+ 20. Qf2 Qc4 21. Qe3 Kb8 22. Kh1 Rgf8 23. Qe4 Qc5 24. Qe6 d5 25. Be5 Qxc2 26. Rac1 Qa4 27. f7 Nxe5 28. fxe5 Qxa2 29. Qe7 Qa5 30. e6 c6 31. Qf6 1-0